Top 5 des régions les plus riches de France - Statistiques

Statistiques générales
  • Ce quiz a été pris 144 fois
  • Le résultat moyen est 4 sur 5
Statistiques - réponses
PIB Régions % Correct
764 800 000 000 Île-de-France
98%
181 100 000 000 Provence-Alpes-Côte d'Azur
82%
189 300 000 000 Nouvelle-Aquitaine
78%
290 900 000 000 Auvergne-Rhône-Alpes
77%
181 300 000 000 Occitanie
76%
Aucun quiz correspondant
Distribution des résultats
% des personnes avec chaque résultat
Percentile par nombre de réponses
Votre historique - résultats
Vous n’avez pas pris ce quiz